000 00307nam a2200121 i 4500
001 bg
245 0 _aI Ogólnokrajowa konferencja naukowo techniczna :
_bpiece obrotowe o dużej...
260 _aLublin,
_c1983.
040 _cBPK
041 _apol
942 _cKS
008 s pl f |000 0 pol
999 _c22190
_d22190
856 _uhttp://koha.tu.koszalin.pl/cgi-bin/koha/opac-detail.pl?biblionumber=22190
_yKatalog online BPK